Learning with kernels : support vector machines, regularization, optimization, and beyond
Αποθηκεύτηκε σε:
| Κύριος συγγραφέας: | |
|---|---|
| Άλλοι συγγραφείς: | |
| Μορφή: | Βιβλίο |
| Γλώσσα: | English |
| Δημοσίευση: |
Cambridge, Massachusetts : London, England :
MIT Press,
c2002
|
| Σειρά: | Adaptive computation and machine learning
|
| Θέματα: | |
| Ετικέτες: |
Προσθήκη ετικέτας
Δεν υπάρχουν, Καταχωρήστε ετικέτα πρώτοι!
|
MARC
| LEADER | 00000nam a2200000 i 4500 | ||
|---|---|---|---|
| 001 | 1/71612 | ||
| 008 | 050216s2002 eng d | ||
| 020 | |a 0-262-19475-9 (hbk.) | ||
| 035 | |l 10076580 | ||
| 040 | |a GR-MY-UA |b gre |e aacr | ||
| 041 | 0 | |a eng | |
| 082 | 0 | |a 006.31 |2 (21) | |
| 100 | 1 | |a Scholkopf, Bernhard. | |
| 245 | 1 | 0 | |a Learning with kernels : |b support vector machines, regularization, optimization, and beyond / |c Bernhard Scholkopf, Alexander J. Smola |
| 260 | |a Cambridge, Massachusetts : |a London, England : |b MIT Press, |c c2002 | ||
| 300 | |a xi, 626 σ.; |b εικ.; |c 25 εκ. | ||
| 490 | 1 | |a Adaptive computation and machine learning | |
| 504 | |a Περιλαμβάνει βιβλιογραφικές αναφορές και ευρετήριο | ||
| 650 | 0 | 0 | |a Machine learning. |
| 650 | 0 | 0 | |a Algorithms. |
| 650 | 0 | 0 | |a Kernel functions. |
| 700 | 1 | |a Smola, Alexander J. | |
| 830 | 0 | |a Adaptive computation and machine learning | |
| 852 | |a INST |b CHIOS |e 20050216 |h 006.31 SCH |p 005200022451 |q 005200022451 |t BK |y 0 | ||
| 852 | |a INST |b LESVOS |e 20070718 |h 006.31 SCH |p 005100041411 |q 005100041411 |t BK |y 0 | ||
| 901 | |a BIBL2-2005-1 | ||
| 901 | |a BIBL1-2007-2 | ||
| 909 | |a Χ |b 112432 | ||
| 909 | |a Λ |b 135894 | ||
| 920 | |a ΔΙΕΥΡΥΝΣΗ |b ΕΠΕΑΕΚ-ΤΜΟΔ |y ΧΙΟΣ |z 2004-12 | ||
| 922 | |a 1ΕΛΗ |b 200706 |c ΕΠΕΑΕΚ2/ΤΓ |d ΕΛΕΥΘΕΡΟΥΔΑΚΗΣ | ||
| 970 | |a ΣΑΛΑΜΟΥΡΑ |b ΜΑΡΙΑ |z 2005/02/16 | ||